UM Logo

Another look at frontline employee productivity propensity : (Record no. 18354)

MARC details
000 -LEADER
fixed length control field 00801nam a22002057a 4500
003 - CONTROL NUMBER IDENTIFIER
control field OSt
005 - DATE AND TIME OF LATEST TRANSACTION
control field 20250822090653.0
008 - FIXED-LENGTH DATA ELEMENTS--GENERAL INFORMATION
fixed length control field 231018b ||||| |||| 00| 0 eng d
040 ## - CATALOGING SOURCE
Transcribing agency 0
082 ## - DEWEY DECIMAL CLASSIFICATION NUMBER
Classification number DPer 658.8005 J826 Winter-Fall 2020 v. 28 n. 1-4
100 ## - MAIN ENTRY--PERSONAL NAME
Personal name Harris, Eric G.
Relator term author.
9 (RLIN) 49684
245 ## - TITLE STATEMENT
Title Another look at frontline employee productivity propensity :
Remainder of title a job demands - resources approach /
Statement of responsibility, etc. Eric G. Harris.
260 ## - PUBLICATION, DISTRIBUTION, ETC. (IMPRINT)
Place of publication, distribution, etc. Philadelphia ;
Name of publisher, distributor, etc. Taylor & Francis Group ,
Date of publication, distribution, etc. Summer 2020.
300 ## - PHYSICAL DESCRIPTION
Extent volume 28, pages 318-329 :
Other physical details illustration ;
Dimensions 28 cm.
500 ## - GENERAL NOTE
General note Journal of Marketing Theory and Practice v. 28, no. 3, pages 318-329, Summer 2020.
650 ## - SUBJECT ADDED ENTRY--TOPICAL TERM
Topical term or geographic name as entry element Management.
9 (RLIN) 49685
650 ## - SUBJECT ADDED ENTRY--TOPICAL TERM
Topical term or geographic name as entry element Employees.
9 (RLIN) 48213
700 ## - ADDED ENTRY--PERSONAL NAME
Personal name Harris, Eric G.
Relator term author.
9 (RLIN) 49684
942 ## - ADDED ENTRY ELEMENTS (KOHA)
Source of classification or shelving scheme Dewey Decimal Classification
Koha item type Periodicals
Holdings
Withdrawn status Lost status Source of classification or shelving scheme Damaged status Not for loan Collection code Home library Current library Date acquired Total Checkouts Full call number Date last seen Price effective from Koha item type Public note
    Dewey Decimal Classification     Periodicals UM Digos College - LIC UM Digos College - LIC 10/18/2023   DPer 658.8005 J826 Winter-Fall 2020 v. 28 n. 1-4 10/18/2023 10/18/2023 Periodicals Periodical Article